| 000 | 00474pam a2200181 a 4500 | ||
|---|---|---|---|
| 020 | _a0849359562 | ||
| 040 | _cDLC | ||
| 082 | 0 | 0 | _a576 CRC 1988 A082 Or. |
| 245 | 0 | 0 | _aParvoviruses and human disease / |
| 260 |
_aBoca Raton, Fla. : _bCRC Press, _cc1988. |
||
| 300 |
_a181 p. : _bill. ; _c26 cm. |
||
| 650 | 0 | _aParvovirus infections. | |
| 650 | 0 | _aParvoviruses. | |
| 650 | 2 | _aParvoviridae. | |
| 650 | 2 | _aParvovirus Infections. | |
| 700 | 1 | _aPattison, J. R. | |
| 942 | _cEK | ||
| 999 |
_c16042 _d16042 |
||